Personnel
Αποθηκεύτηκε σε:
| Μορφή: | Περιοδική έκδοση |
|---|---|
| Γλώσσα: | English |
| Δημοσίευση: |
Saranac Lake, N.Y. :
Amacom,
1919-1991.
|
| Θέματα: | |
| Ετικέτες: |
Προσθήκη ετικέτας
Δεν υπάρχουν, Καταχωρήστε ετικέτα πρώτοι!
|
MARC
| LEADER | 00000nas a2200000 i 4500 | ||
|---|---|---|---|
| 001 | 1/48582 | ||
| 008 | 040216c1919 us eng | ||
| 022 | |a 00315702 | ||
| 035 | |l 10072273 | ||
| 040 | |a GR-MY-UA |b gre |e aacr | ||
| 041 | 0 | |a eng | |
| 082 | 0 | |a 658.3005 | |
| 245 | 1 | 0 | |a Personnel |h [περιοδικό] |
| 260 | |a Saranac Lake, N.Y. : |b Amacom, |c 1919-1991. | ||
| 300 | |a τ. : |c 28 εκ. | ||
| 310 | |a Μηνιαίο, 1985- | ||
| 650 | 0 | 0 | |a Personnel management |x Periodicals. |
| 853 | |a INST |b CHIOS |c SER |h 658.3005 | ||
| 901 | |a BIBL2-2004-1 | ||
| 970 | |a ΣΑΛΑΜΟΥΡΑ |b ΜΑΡΙΑ |z 2004/02/16 | ||